Countries With A Straight Shot To Canada - Statistics

General Stats
  • This quiz has been taken 87 times
  • The average score is 39 of 49
Answer Stats
Country % Correct
Russia
95%
United States
95%
United Kingdom
94%
France
91%
Norway
90%
Portugal
90%
China
88%
Japan
88%
Iceland
87%
Ireland
87%
Morocco
87%
Spain
87%
Bahamas
84%
Brazil
83%
Fiji
83%
Indonesia
83%
New Zealand
83%
Philippines
81%
Senegal
81%
Cuba
79%
Marshall Islands
79%
Nauru
79%
Palau
79%
Gambia
78%
Vietnam
78%
F.S. Micronesia
77%
Kiribati
77%
Papua New Guinea
77%
Samoa
77%
Venezuela
77%
Dominican Republic
75%
Guyana
75%
Haiti
75%
Solomon Islands
75%
Tonga
75%
South Africa
74%
St. Lucia
74%
Vanuatu
74%
Suriname
73%
Tuvalu
73%
Guinea-Bissau
70%
Mauritania
70%
St. Kitts & Nevis
70%
Barbados
69%
Taiwan
69%
Trinidad & Tobago
66%
Namibia
65%
Cape Verde
64%
Antigua & Barbuda
62%
No matching quizzes found
Score Distribution
Percent of People with Each Score
Percentile by Number Answered
Your Score History
You have not taken this quiz